000 00303nam a2200109Ia 4500
008 201217s9999 xx 000 0 und d
100 _aKannappan, S
245 0 _aHuman Resource Development and Productivity : New Perspectives
260 _aNew Delhi
_bNational Ports Council
300 _a203
942 _cBK
999 _c7819
_d7819